000 01085nam a2200313 i 4500
001 768714001
003 CO-MdFUSB
005 20210918063849.0
007 ta
008 210820t1995 sp |||| |||| 00| 0 spa d
020 _a9788437613567
040 _aCO-MdFUSB
_bspa
_cCO-MdFUSB
_dCO-MdFUSBC
_erda
041 _aspa
082 _223
_a170
_bG967
100 _aGuisán, Esperanza
_eautor
245 _aIntroducción a la ética
_c/ Esperanza Guisán
264 1 _aMadrid :
_bCátedra,
_c[1995]
264 4 _c© 1995
300 _a326 páginas
_c; 21 cm
336 _2rdacontent
_atexto
_btxt
337 _2rdamedia
_aotro
_bn
338 _2rdacarrier
_avolumen
_bnc
490 _aTeorema
505 _aPrimera parte: Cuestiones Preliminares: Las ramas de la ética. -- Segunda parte: Problemas morales. Responsabilidad, mérito y culpa. -- ¿Por qué ser moral? -- La educación moral. -- Tercera parte: Modelos de éticas normativas: Las éticas teleológicas. I: La excelencia
563 _aRústico
650 7 _aÉtica social.
_2
_9186
942 _cBK
945 _aJTF-925
999 _c66828
_d66828